02182 a2200229 45000010006000000050017000060080041000230030015000640400040000790800042001192450039001610200022002002500011002222640036002333000026002695051471002950410008017661000024017747000028017987000027018268560099018534487820260407155723.0260407a1997 arg spa dAR-UNSa-BCEJYS aAR-UNSa-BCEJYSbspacAR-UNSa-BCEJYS a336.13xFinanzas del sector público10aLa economía del sector público a978-84-85855-62-9 a2a. ed 1aBarcelona :bAntoni Boschc1997 axviii, 825 p.c24 cm. aParte I: Introducción - 1. El sector público en una economía mixta - 2. El sector público en España - 3. Justificación económica de la intervención del Estado - 4. Economía del bienestar: eficiencia frente a equidad - Parte II: Teoría del gasto público - 5. Los bienes públicos y los bienes privados suministrados por el Estado - 6. La elección pública - 7. Producción pública y burocracia - 8. Externalidades - Parte III: Programas de gastos - 9. El análisis de la política de gasto - 10. Análisis coste-beneficio - 11. La sanidad - 12. La defensa - 13. La seguridad social - 14. Los programas de asistencia social y la redistribución de la renta - 15. La educación - Parte IV: Los impuestos: Teoría - 16. Los impuestos: Introducción - 17. Quién paga realmente los impuestos: Su incidencia - 18. Los impuestos y la eficiencia económica: El consumo - 19. Los impuestos y la eficiencia económica: La oferta de trabajo - 20. Los impuestos óptimos - Parte V: Los impuestos: Práctica - 21. El impuesto sobre la renta de las personal físicas - 22. Los impuestos sobrte el capital - 23. El impuesto sobre la renta de las sociedades - 24. Guía del estudiante para eludir el pago de impuestos - 25.La reforma del sistema tributario - Parte VI: Otras cuestiones - 26. La autonomía fiscal - 27. Las haciendas y los gastos regionales y municipales - 28. Los déficit, la estabilidad económica y el crecimiento.  aspa1 aStiglitz, Joseph E.1 aRabasco, María Esther1 aToharia Cortés, Luis41uhttps://www.biblioeco.unsa.edu.ar/pmb/images/libros/L127010.jpgyImagen de portadaqimage/jpeg